000 00955cad a22002055a 4500
001 E152868
008 110509e20110503xxk 000 0 eng d
035 _a(Sirsi) u152868
041 0 _aeng
110 2 _aRegisters of Scotland
_95601
245 0 0 _aAverage property prices decrease by 1.1 per cent
_h[electronic resource]
260 _c2011
490 _aRegisters of Scotland News Release
_v3 May 2011
520 _aReports that the average price for a residential property in Scotland was £146 253 in Q4 2010/2011, a decrease of 1.1% compared to Q4 2009/2010. The total volume of sales across Scotland in Q4 also fell to 12 800, a decrease of 12.7% on Q4 2009/2010.
590 _aKA NTK
651 4 _aScotland
_y1999-
690 _aPROPERTY-RESIDENTIAL PROPERTY-RESIDENTIAL PROPERTY MARKET
856 4 0 _uhttps://www.ros.gov.uk/pdfs/ros_statistical_release_jan-mar2011.pdf
_zView the press release free of charge at www.ros.gov.uk...
942 _n0
999 _c83126
_d83126